Online
Catalog

Principios de teoría política. (Record no. 14322)

MARC details
000 -CABECERA
campo de control de longitud fija 00752cam a22002531 4500
001 - NÚMERO DE CONTROL
campo de control 000014739
005 - FECHA Y HORA DE LA ÚLTIMA TRANSACCIÓN
campo de control 20260313093410.0
008 - DATOS DE LONGITUD FIJA--INFORMACIÓN GENERAL
campo de control de longitud fija 770406s1966 sp b 000 0 spa
010 ## - NÚMERO DE CONTROL DE LA BIBLIOTECA DEL CONGRESO
Número de control de LC 67044030
035 ## - NÚMERO DE CONTROL DEL SISTEMA
Número de control de sistema (OCoLC)2864810
040 ## - FUENTE DE LA CATALOGACIÓN
Centro catalogador/agencia de origen DO-SdBNP
Centro/agencia transcriptor DGU
Centro/agencia modificador DLC
042 ## - CÓDIGO DE AUTENTICACIÓN
Código de autenticación premarc
082 ## - NÚMERO DE LA CLASIFICACIÓN DECIMAL DEWEY
Número de clasificación 320.01
Número de documento/Ítem S211p
049 ## - FONDOS LOCALES (OCLC)
Fondos de biblioteca BNGR
100 2# - ENTRADA PRINCIPAL--NOMBRE DE PERSONA
Nombre de persona Sánchez Agesta, Luis.
9 (RLIN) 33424
245 10 - MENCIÓN DE TÍTULO
Título Principios de teoría política.
260 ## - PUBLICACIÓN, DISTRIBUCIÓN, ETC.
Lugar de publicación, distribución, etc. Madrid, :
Nombre del editor, distribuidor, etc. Nacional,
Fecha de publicación, distribución, etc. 1966.
300 ## - DESCRIPCIÓN FÍSICA
Extensión xxii, 512 p. ;
Dimensiones 25 cm.
490 0# - MENCIÓN DE SERIE
Mención de serie Mundo científico. Serie jurídica
500 ## - NOTA GENERAL
Nota general First published in 1943-45 under title: Lecciones de derecho politico.
504 ## - NOTA DE BIBLIOGRAFÍA, ETC.
Nota de bibliografía, etc. Includes bibliographies.
650 #0 - PUNTO DE ACCESO ADICIONAL DE MATERIA--TÉRMINO DE MATERIA
Término de materia o nombre geográfico como elemento de entrada Estado
9 (RLIN) 726
650 #0 - PUNTO DE ACCESO ADICIONAL DE MATERIA--TÉRMINO DE MATERIA
Término de materia o nombre geográfico como elemento de entrada Ciencias políticas
9 (RLIN) 2426
Holdings
Estado de retiro Estado de pérdida Restricciones de uso No para préstamo Código de colección Localización permanente Ubicación/localización actual Ubicación en estantería Fecha de adquisición Número de inventario Total de préstamos Signatura topográfica completa Código de barras Fecha visto por última vez Precio válido a partir de Tipo de ítem Koha
      Excluido de préstamo Monografías: Libros y Folletos General General En catalogación 19.01.2010 LF1   320.01 S211p 14739-10 25.06.2020 25.06.2020 No se presta

Powered by Koha